[Event "SVK-ch Open 2018"]
[Site "Banska Stiavnica"]
[Date "2018.07.10"]
[Round "4"]
[White "Sarkozi, Szabolcs"]
[Black "Lukac, Roman"]
[Result "1/2-1/2"]
[WhiteElo "1808"]
[BlackElo "2089"]
[Annotator "NA"]
[PlyCount "83"]
[EventDate "2018.07.07"]
[EventType "swiss"]
[EventCountry "SVK"]
[SourceTitle "playchess.com"]
[Source "ChessBase"]
[SourceQuality "1"]
[TimeControl "40/5400+30:1800+30"]

1. d4 {[%emt 0:00:00]} Nf6 {[%emt 0:00:13]} 2. Bf4 {[%emt 0:00:00]} d6 {[%emt 0:02:51]} 3. Nc3 {[%emt 0:00:24]} Nbd7 {[%emt 0:07:03]} 4. Nf3 {[%emt 0:01:57]} g6 {[%emt 0:04:27]} 5. e4 {[%emt 0:00:21]} Bg7 {[%emt 0:01:32]} 6. Qd2 {[%emt 0:00:54]} c6 {[%emt 0:12:42]} 7. Bd3 {[%emt 0:08:24]} O-O {[%emt 0:10:12]} 8. O-O-O {[%emt 0:08:30]} Qa5 {[%emt 0:19:22]} 9. Bh6 {[%emt 0:04:52]} Rd8 {[%emt 0:11:30]} 10. Bxg7 {[%emt 0:02:07]} Kxg7 {[%emt 0:00:44]} 11. h4 {[%emt 0:17:21]} Nf8 {[%emt 0:05:02]} 12. Kb1 {[%emt 0:14:31]} Bg4 {[%emt 0:03:44]} 13. Rdg1 {[%emt 0:04:31]} e5 {[%emt 0:06:18]} 14. Qe3 {[%emt 0:07:24]} Bxf3 {[%emt 0:03:45]} 15. gxf3 {[%emt 0:00:54]} exd4 {[%emt 0:02:26]} 16. Qxd4 {[%emt 0:00:16]} Ne6 {[%emt 0:00:26]} 17. Qe3 {[%emt 0:08:20]} Qe5 {[%emt 0:01:21]} 18. Ne2 {[%emt 0:02:31]} Nh5 {[%emt 0:00:52]} 19. Rg4 {[%emt 0:04:02]} Nf6 {[%emt 0:00:23]} 20. Rg5 {[%emt 0:03:58]} Nxg5 {[%emt 0:00:52]} 21. hxg5 {[%emt 0:00:01]} Nh5 {[%emt 0:00:18]} 22. f4 {[%emt 0:00:16]} Qc5 {[%emt 0:01:46]} 23. Qf3 {[%emt 0:01:17]} Kf8 {[%emt 0:01:27]} 24. f5 {[%emt 0:01:39]} Ke7 {[%emt 0:00:40]} 25. Ng3 {[%emt 0:03:55]} Nxg3 {[%emt 0:01:52]} 26. Qxg3 {[%emt 0:01:26]} Rh8 {[%emt 0:00:29]} 27. f4 {[%emt 0:02:17]} Kd7 {[%emt 0:00:10]} 28. e5 {[%emt 0:00:26]} Rae8 {[%emt 0:00:23]} 29. Re1 {[%emt 0:01:12]} Rhf8 {[%emt 0:00:35]} 30. Qh3 {[%emt 0:00:27]} Kc7 {[%emt 0:00:22]} 31. Qxh7 {[%emt 0:00:32]} gxf5 {[%emt 0:01:00]} 32. a3 {[%emt 0:00:39]} Kb6 {[%emt 0:00:13]} 33. Qxf5 {[%emt 0:00:23]} dxe5 {[%emt 0:00:28]} 34. fxe5 {[%emt 0:00:07]} a5 {[%emt 0:00:26]} 35. Re4 {[%emt 0:00:43]} Qg1+ {[%emt 0:00:59]} 36. Ka2 {[%emt 0:00:09]} Rg8 {[%emt 0:00:10]} 37. Qxf7 {[%emt 0:00:57]} Qxg5 {[%emt 0:00:04]} 38. Qb3+ {[%emt 0:00:39]} Ka7 {[%emt 0:00:29]} 39. Qc3 {[%emt 0:00:23]} Qd8 {[%emt 0:00:31]} 40. Ra4 {[%emt 0:00:36]} Kb8 {[%emt 0:01:17]} 41. Rxa5 {[%emt 0:30:26]} Rg5 {[%emt 0:30:31]} 42. Be4 {[%emt 0:00:00]} 1/2-1/2

[Event "SVK-ch Open 2018"]
[Site "Banska Stiavnica"]
[Date "2018.07.10"]
[Round "4"]
[White "Antal, Jakub"]
[Black "Gajdosik, Andrej"]
[Result "1/2-1/2"]
[WhiteElo "1787"]
[BlackElo "1992"]
[Annotator "NA"]
[PlyCount "119"]
[EventDate "2018.07.07"]
[EventType "swiss"]
[EventCountry "SVK"]
[SourceTitle "playchess.com"]
[Source "ChessBase"]
[SourceQuality "1"]
[TimeControl "40/5400+30:1800+30"]

1. e4 {[%emt 0:00:00]} e5 {[%emt 0:00:28]} 2. Nf3 {[%emt 0:00:38]} Nc6 {[%emt 0:00:08]} 3. Bc4 {[%emt 0:00:43]} Bc5 {[%emt 0:00:27]} 4. O-O {[%emt 0:00:25]} Nf6 {[%emt 0:00:22]} 5. d3 {[%emt 0:00:52]} O-O {[%emt 0:00:18]} 6. Nbd2 {[%emt 0:01:41]} d6 {[%emt 0:00:40]} 7. c3 {[%emt 0:00:47]} a6 {[%emt 0:03:58]} 8. Bb3 {[%emt 0:00:49]} h6 {[%emt 0:00:53]} 9. h3 {[%emt 0:04:13]} Re8 {[%emt 0:00:51]} 10. Re1 {[%emt 0:02:24]} Be6 {[%emt 0:00:49]} 11. Nf1 {[%emt 0:02:01]} Bxb3 {[%emt 0:20:19]} 12. Qxb3 {[%emt 0:01:53]} b5 {[%emt 0:02:15]} 13. Ng3 {[%emt 0:04:39]} d5 {[%emt 0:05:09]} 14. Nf5 {[%emt 0:22:05]} Qd7 {[%emt 0:05:30]} 15. N3h4 {[%emt 0:05:59]} Kh7 {[%emt 0:04:23]} 16. g4 {[%emt 0:05:36]} Re6 {[%emt 0:07:57]} 17. g5 {[%emt 0:07:47]} hxg5 {[%emt 0:01:41]} 18. Bxg5 {[%emt 0:00:34]} dxe4 {[%emt 0:00:50]} 19. dxe4 {[%emt 0:05:31]} Qd3 {[%emt 0:14:03]} 20. Bxf6 {[%emt 0:06:54]} Rxf6 {[%emt 0:04:04]} 21. Qd5 {[%emt 0:06:20]} Qxd5 {[%emt 0:09:43]} 22. exd5 {[%emt 0:00:12]} g5 {[%emt 0:00:11]} 23. dxc6 {[%emt 0:03:03]} gxh4 {[%emt 0:00:06]} 24. Rxe5 {[%emt 0:00:44]} Rg8+ {[%emt 0:02:38]} 25. Kf1 {[%emt 0:01:04]} Bb6 {[%emt 0:05:39]} 26. Rd1 {[%emt 0:04:26]} Rg5 {[%emt 0:02:10]} 27. Rdd5 {[%emt 0:00:26]} Bxf2 {[%emt 0:02:30]} 28. Kxf2 {[%emt 0:02:06]} Kg6 {[%emt 0:00:05]} 29. Ke3 {[%emt 0:03:08]} Rfxf5 {[%emt 0:00:29]} 30. Rxf5 {[%emt 0:00:05]} Rxf5 {[%emt 0:00:08]} 31. Rd7 {[%emt 0:00:04]} Rf6 {[%emt 0:03:51]} 32. Rxc7 {[%emt 0:00:30]} Kf5 {[%emt 0:00:03]} 33. Rc8 {[%emt 0:05:30]} Rd6 {[%emt 0:02:16]} 34. c7 {[%emt 0:00:41]} Rc6 {[%emt 0:00:10]} 35. Kd4 {[%emt 0:01:37]} Ke6 {[%emt 0:00:17]} 36. Re8+ {[%emt 0:01:00]} Kd7 {[%emt 0:00:04]} 37. c8=Q+ {[%emt 0:00:08]} Rxc8 {[%emt 0:00:06]} 38. Rxc8 {[%emt 0:00:03]} Kxc8 {[%emt 0:00:05]} 39. Ke5 {[%emt 0:01:00]} Kd7 {[%emt 0:00:07]} 40. Kf6 {[%emt 0:01:35]} Kd6 {[%emt 0:00:27]} 41. Kg5 {[%emt 0:30:27]} Ke5 {[%emt 0:30:05]} 42. Kxh4 {[%emt 0:00:09]} Kf4 {[%emt 0:00:14]} 43. b3 {[%emt 0:00:39]} f5 {[%emt 0:00:38]} 44. c4 {[%emt 0:00:00]} bxc4 {[%emt 0:00:00]} 45. bxc4 {[%emt 0:00:00]} Ke3 {[%emt 0:00:00]} 46. c5 {[%emt 0:00:00]} f4 {[%emt 0:00:00]} 47. c6 {[%emt 0:00:00]} f3 {[%emt 0:00:00]} 48. c7 {[%emt 0:00:00]} f2 {[%emt 0:00:00]} 49. c8=Q {[%emt 0:00:00]} f1=Q {[%emt 0:00:00]} 50. Qc5+ {[%emt 0:00:00]} Ke4 {[%emt 0:00:00]} 51. Qe7+ {[%emt 0:00:00]} Kd5 {[%emt 0:00:00]} 52. Qd7+ {[%emt 0:00:00]} Ke5 {[%emt 0:00:00]} 53. Qg4 {[%emt 0:00:00]} Kd5 {[%emt 0:00:00]} 54. Kh5 {[%emt 0:00:00]} Qf7+ {[%emt 0:00:00]} 55. Kh6 {[%emt 0:00:00]} Qf6+ {[%emt 0:00:00]} 56. Kh7 {[%emt 0:00:00]} Qf7+ {[%emt 0:00:00]} 57. Kh8 {[%emt 0:00:00]} Qf6+ {[%emt 0:00:00]} 58. Qg7 {[%emt 0:00:00]} Qh4+ {[%emt 0:00:00]} 59. Qh7 {[%emt 0:00:00]} Qf6+ {[%emt 0:00:00]} 60. Qg7 {[%emt 0:00:00]} 1/2-1/2

[Event "SVK-ch Open 2018"]
[Site "Banska Stiavnica"]
[Date "2018.07.10"]
[Round "4"]
[White "Ucekajova, Veronika"]
[Black "Bronis, Marian"]
[Result "1/2-1/2"]
[WhiteElo "1757"]
[BlackElo "2101"]
[Annotator "NA"]
[PlyCount "40"]
[EventDate "2018.07.07"]
[EventType "swiss"]
[EventCountry "SVK"]
[SourceTitle "playchess.com"]
[Source "ChessBase"]
[SourceQuality "1"]
[TimeControl "40/5400+30:1800+30"]

1. e4 {[%emt 0:00:00]} g6 {[%emt 0:00:56]} 2. d4 {[%emt 0:00:00]} Bg7 {[%emt 0:00:25]} 3. Nf3 {[%emt 0:00:16]} d6 {[%emt 0:01:34]} 4. Nc3 {[%emt 0:00:26]} Nf6 {[%emt 0:00:37]} 5. Be2 {[%emt 0:00:32]} Nc6 {[%emt 0:01:01]} 6. O-O {[%emt 0:01:04]} O-O {[%emt 0:00:23]} 7. h3 {[%emt 0:02:02]} e5 {[%emt 0:05:09]} 8. dxe5 {[%emt 0:00:46]} Nxe5 {[%emt 0:07:08]} 9. Nxe5 {[%emt 0:04:28]} dxe5 10. Bg5 c6 {[%emt 0:10:20]} 11. Qxd8 {[%emt 0:10:41]} Rxd8 {[%emt 0:01:06]} 12. Rad1 {[%emt 0:00:08]} Be6 {[%emt 0:03:08]} 13. Rxd8+ {[%emt 0:02:37]} Rxd8 {[%emt 0:00:24]} 14. Rd1 {[%emt 0:00:08]} Rxd1+ {[%emt 0:03:01]} 15. Bxd1 {[%emt 0:00:07]} Nd7 {[%emt 0:00:36]} 16. a3 {[%emt 0:03:00]} Bf8 {[%emt 0:02:04]} 17. Bg4 {[%emt 0:09:19]} f5 {[%emt 0:00:42]} 18. exf5 {[%emt 0:00:48]} gxf5 {[%emt 0:00:09]} 19. Be2 {[%emt 0:01:56]} a5 {[%emt 0:05:42]} 20. Bd8 {[%emt 0:02:57]} Bh6 {[%emt 0:07:15]} 1/2-1/2

[Event "SVK-ch Open 2018"]
[Site "Banska Stiavnica"]
[Date "2018.07.11"]
[Round "5"]
[White "Pacher, Milan"]
[Black "Bokros, Albert"]
[Result "1-0"]
[WhiteElo "2467"]
[BlackElo "2483"]
[Annotator "TA"]
[PlyCount "79"]
[EventDate "2018.07.07"]
[EventType "swiss"]
[EventCountry "SVK"]
[SourceTitle "playchess.com"]
[Source "ChessBase"]
[SourceQuality "1"]

{[%evp 19,79,22,41,34,32,41,24,25,50,46,48,45,73,4,35,7,1,-8,41,29,35,28,38,16,61,-67,12,-59,0,0,18,23,33,33,37,49,50,56,196,210,206,215,269,254,265,262,359,275,294,274,540,519,526,521,958,936,1292,1249,29982,29983,29995,29996]} 1. d4 Nf6 2. c4 e6 3. Nf3 d5 4. Nc3 Bb4 5. g3 O-O 6. Bg2 dxc4 7. O-O Nc6 8. a3 {E20: Nimzo-Indian: 4 g3 and 4 f3} (8. Qa4 Bd7 9. Bg5 Rb8 10. Rad1 Bxc3 11. bxc3 h6 12. Bxf6 Qxf6 13. Qxc4 Rfc8 14. Nd2 Na5 15. Qb4 b6 {½-½ (67) Matlakov,M (2735)-Tomashevsky,E (2713) St Petersburg 2017}) 8... Bd6 9. Qa4 e5 10. d5 Ne7 {LiveBook: 6 Games} 11. Qxc4 h6 12. Rd1 a6 13. b4 $146 ({Predecessor:} 13. e4 Ng6 14. h3 Nh7 15. Be3 Ng5 {½-½ (42) Ris,R (2407)-Brynell,S (2463) Copenhagen 2014}) 13... Ng6 14. Bb2 Qe7 15. Nd2 Bf5 16. Rac1 (16. e4 $16 Bd7 17. Bf3) 16... b5 $11 17. Qb3 e4 {With the idea ...e3.} 18. Nf1 Rfe8 19. Ne3 Bd7 20. Rd4 {Black must now prevent Nxe4.} Be5 21. Rd2 Bd6 22. Ncd1 (22. Qd1 $14) 22... a5 (22... Nh5 $15) 23. Bc3 ({White should try} 23. bxa5 $11 Rxa5 24. Nc2) 23... Ne5 ({Better is} 23... a4 $1 $15 24. Qb1 Nh7) 24. Rdc2 $36 {[%mdl 2048] White fights for an advantage.} a4 25. Qb2 h5 26. Bd4 h4 27. Nc3 ({Reject} 27. gxh4 Nfg4 $15) 27... hxg3 28. hxg3 Neg4 (28... Rad8 $14) 29. Nxg4 $18 Nxg4 30. Nxe4 Bf5 31. Nxd6 cxd6 {[#]} 32. e4 $1 {[%cal Re4f5]} Bg6 33. f3 {[%cal Bf2f3,Bf3f4][%mdl 32]} ({Less strong is} 33. Bxg7 Bxe4 34. Bh8 Qg5 $16) 33... Ne5 34. Rc7 Qg5 $2 (34... Qd8 35. Bxe5 Rxe5) 35. f4 Qxg3 {Hoping for ...Nf3+.} 36. fxe5 Bxe4 {[%cal Rd6e5] [#]} 37. e6 $1 f6 (37... fxe6 38. Rxg7+) 38. Qf2 Qg5 39. R1c3 Qxd5 {[#]} 40. Rxg7+ $1 {[%mdl 512] Precision: White = 63%, Black = 18%.} 1-0

[Event "SVK-ch Open 2018"]
[Site "Banska Stiavnica"]
[Date "2018.07.11"]
[Round "5"]
[White "Druska, Juraj"]
[Black "Aczel, Gergely"]
[Result "0-1"]
[WhiteElo "2439"]
[BlackElo "2543"]
[Annotator "ChessBase"]
[PlyCount "56"]
[EventDate "2018.07.07"]
[EventType "swiss"]
[EventCountry "SVK"]
[SourceTitle "playchess.com"]
[Source "ChessBase"]
[SourceQuality "1"]
[TimeControl "40/5400+30:1800+30"]

1. e4 {[%emt 0:00:30]} c5 {[%emt 0:00:00]} 2. Nf3 {[%emt 0:00:05]} d6 {[%emt 0:00:00]} 3. d4 {[%emt 0:00:05]} cxd4 {[%emt 0:00:00]} 4. Qxd4 {[%emt 0:00:06]} Nf6 {[%emt 0:00:50]} 5. Be2 {[%emt 0:00:20]} Nc6 {[%emt 0:00:30]} 6. Qe3 {[%emt 0:00:04]} g6 {[%emt 0:00:30]} 7. O-O {[%emt 0:00:04]} Bg7 {[%emt 0:00:13]} 8. Rd1 {[%emt 0:00:34]} O-O {[%emt 0:04:38]} 9. h3 {[%emt 0:05:35]} Nd7 {[%emt 0:04:10]} 10. c4 {[%emt 0:02:01]} Qb6 {[%emt 0:05:18]} 11. Qxb6 {[%emt 0:23:52]} axb6 {[%emt 0:04:43]} 12. Nbd2 {[%emt 0:18:18]} Nc5 {[%emt 0:00:18]} 13. a3 {[%emt 0:01:34]} f5 {[%emt 0:03:10]} 14. Rb1 {[%emt 0:11:05]} fxe4 {[%emt 0:05:14]} 15. Ng5 {[%emt 0:00:30]} Bf5 {[%emt 0:48:59]} 16. g4 {[%emt 0:01:08]} Nd4 {[%emt 0:00:40]} 17. Bf1 {[%emt 0:09:22]} e3 {[%emt 0:00:51]} 18. gxf5 {[%emt 0:00:24]} e2 {[%emt 0:04:36]} 19. Bxe2 {[%emt 0:10:18]} Nxe2+ {[%emt 0:00:02]} 20. Kf1 {[%emt 0:00:06]} Nxc1 {[%emt 0:03:39]} 21. Rdxc1 {[%emt 0:01:03]} Bh6 {[%emt 0:03:28]} 22. Ngf3 {[%emt 0:02:59]} Rxf5 {[%emt 0:00:07]} 23. Kg2 {[%emt 0:00:03]} Raf8 {[%emt 0:00:41]} 24. Rf1 {[%emt 0:00:02]} Nd3 {[%emt 0:01:01]} 25. Rbd1 {[%emt 0:01:06]} Bxd2 {[%emt 0:03:40]} 26. Nxd2 {[%emt 0:00:06]} Rxf2+ {[%emt 0:00:09]} 27. Rxf2 {[%emt 0:00:03]} Rxf2+ {[%emt 0:00:07]} 28. Kg3 {[%emt 0:00:02]} Nxb2 {[%emt 0:00:59]} 0-1

[Event "SVK-ch Open 2018"]
[Site "Banska Stiavnica"]
[Date "2018.07.11"]
[Round "5"]
[White "Szeberenyi, Adam"]
[Black "Lintner, Igor"]
[Result "1-0"]
[WhiteElo "2372"]
[BlackElo "2173"]
[Annotator "NA"]
[PlyCount "69"]
[EventDate "2018.07.07"]
[EventType "swiss"]
[EventCountry "SVK"]
[SourceTitle "playchess.com"]
[Source "ChessBase"]
[SourceQuality "1"]
[TimeControl "40/5400+30:1800+30"]

1. d4 {[%emt 0:00:00]} d5 {[%emt 0:00:00]} 2. c4 {[%emt 0:00:00]} dxc4 {[%emt 0:00:00]} 3. e3 {[%emt 0:00:24]} Nf6 {[%emt 0:00:59]} 4. Bxc4 {[%emt 0:00:12]} e6 {[%emt 0:02:40]} 5. Nf3 {[%emt 0:01:01]} Nbd7 {[%emt 0:03:04]} 6. O-O {[%emt 0:02:14]} Be7 {[%emt 0:00:04]} 7. Qe2 {[%emt 0:01:13]} c6 {[%emt 0:09:36]} 8. Rd1 {[%emt 0:03:35]} b5 {[%emt 0:02:35]} 9. Bb3 {[%emt 0:05:17]} Bb7 {[%emt 0:01:22]} 10. a4 {[%emt 0:00:18]} a6 {[%emt 0:00:52]} 11. e4 {[%emt 0:00:40]} Qb6 $16 {[%emt 0:05:37]} (11... O-O $11) 12. Nc3 {[%emt 0:11:39]} O-O {[%emt 0:06:51]} 13. Bg5 {[%emt 0:12:19]} Rfe8 {[%emt 0:03:55]} 14. axb5 {[%emt 0:12:10]} axb5 {[%emt 0:02:07]} 15. Rxa8 {[%emt 0:00:06]} Bxa8 {[%emt 0:00:23]} 16. e5 {[%emt 0:01:55]} Nd5 {[%emt 0:03:17]} 17. Bxe7 {[%emt 0:06:57]} Nxc3 {[%emt 0:02:13]} 18. bxc3 {[%emt 0:00:29]} Rxe7 {[%emt 0:00:04]} 19. Ra1 {[%emt 0:01:05]} Bb7 {[%emt 0:04:49]} 20. Qe4 {[%emt 0:09:59]} Nf8 {[%emt 0:09:30]} 21. Qe3 {[%emt 0:04:35]} Rc7 {[%emt 0:03:30]} 22. Nd2 {[%emt 0:06:32]} c5 {[%emt 0:05:25]} 23. Ne4 {[%emt 0:00:35]} cxd4 {[%emt 0:04:32]} 24. cxd4 {[%emt 0:00:03]} Bxe4 {[%emt 0:01:05]} 25. Qxe4 {[%emt 0:00:02]} Qa5 {[%emt 0:00:29]} 26. Rb1 {[%emt 0:01:34]} Qc3 {[%emt 0:03:33]} 27. h4 {[%emt 0:00:58]} Ng6 {[%emt 0:01:44]} 28. h5 {[%emt 0:01:04]} Ne7 {[%emt 0:01:52]} 29. d5 {[%emt 0:02:10]} exd5 {[%emt 0:07:37]} 30. Bxd5 {[%emt 0:00:08]} b4 {[%emt 0:04:13]} 31. e6 {[%emt 0:02:13]} f5 {[%emt 0:02:48]} 32. Qxf5 {[%emt 0:00:49]} Qd2 {[%emt 0:05:08]} 33. Qf7+ {[%emt 0:00:46]} Kh8 {[%emt 0:00:01]} 34. Qf8+ {[%emt 0:00:09]} Ng8 {[%emt 0:00:03]} 35. Qxg8+ {[%emt 0:00:10]} 1-0

[Event "SVK-ch Open 2018"]
[Site "Banska Stiavnica"]
[Date "2018.07.11"]
[Round "5"]
[White "Gelle, Istvan"]
[Black "Bednar, Jan"]
[Result "1-0"]
[WhiteElo "2344"]
[BlackElo "2010"]
[Annotator "NA"]
[PlyCount "77"]
[EventDate "2018.07.07"]
[EventType "swiss"]
[EventCountry "SVK"]
[SourceTitle "playchess.com"]
[Source "ChessBase"]
[SourceQuality "1"]
[TimeControl "40/5400+30:1800+30"]

1. d4 {[%emt 0:00:00]} Nf6 {[%emt 0:01:05]} 2. Bf4 {[%emt 0:00:00]} g6 {[%emt 0:00:24]} 3. e3 {[%emt 0:00:00]} Bg7 {[%emt 0:00:05]} 4. Nf3 {[%emt 0:00:00]} O-O {[%emt 0:00:07]} 5. h3 {[%emt 0:00:15]} d6 {[%emt 0:00:17]} 6. Be2 {[%emt 0:00:08]} b6 {[%emt 0:01:00]} 7. O-O {[%emt 0:00:14]} Bb7 {[%emt 0:00:09]} 8. a4 {[%emt 0:00:33]} a5 {[%emt 0:03:07]} 9. Nbd2 {[%emt 0:03:26]} Nbd7 {[%emt 0:01:51]} 10. c3 {[%emt 0:00:50] LiveBook: 33 Games} h6 {[%emt 0:04:52]} 11. Bh2 {[%emt 0:00:31]} e6 {[%emt 0:02:10]} 12. Re1 {[%emt 0:01:14]} Qe7 {[%emt 0:00:48]} 13. Qb3 {[%emt 0:01:26]} Ne4 {[%emt 0:09:51]} 14. Nc4 $11 {[%emt 0:07:29]} f5 {[%emt 0:01:03]} 15. Na3 {[%emt 0:07:46]} Kh7 {[%emt 0:02:49]} 16. Nb5 {[%emt 0:04:53]} Ndf6 {[%emt 0:10:51]} 17. Bc4 {[%emt 0:07:54]} Rae8 {[%emt 0:02:56]} 18. Rad1 {[%emt 0:01:58]} Ng5 {[%emt 0:08:14]} 19. Nxg5+ {[%emt 0:08:45]} hxg5 {[%emt 0:03:59]} 20. Bxe6 {[%emt 0:06:13]} g4 {[%emt 0:07:12]} 21. hxg4 {[%emt 0:14:01]} Nxg4 {[%emt 0:00:17]} 22. Bg3 {[%emt 0:00:36]} Bf6 {[%emt 0:12:11]} 23. f3 {[%emt 0:20:44]} Bh4 {[%emt 0:01:59]} 24. Bxh4 {[%emt 0:00:46]} Qxh4 {[%emt 0:00:07]} 25. fxg4 {[%emt 0:00:43]} fxg4 {[%emt 0:00:10]} 26. Re2 {[%emt 0:05:25]} Rf6 {[%emt 0:00:34]} 27. Nxc7 {[%emt 0:01:44]} Ref8 {[%emt 0:00:19]} 28. d5 {[%emt 0:02:11]} Rf5 {[%emt 0:06:40]} 29. Bxf5 {[%emt 0:02:17]} Rxf5 {[%emt 0:00:05]} 30. Rd4 {[%emt 0:01:30]} Rh5 {[%emt 0:08:34]} 31. Rf4 {[%emt 0:00:49]} Qh2+ {[%emt 0:00:31]} 32. Kf1 {[%emt 0:00:47]} g3 {[%emt 0:00:42]} 33. Ke1 {[%emt 0:00:30]} Qg1+ {[%emt 0:00:21]} 34. Kd2 {[%emt 0:00:26]} Rh1 {[%emt 0:01:10]} 35. Kd3 {[%emt 0:00:42]} Bc8 {[%emt 0:02:04]} 36. Ne6 {[%emt 0:00:30]} Ba6+ {[%emt 0:00:13]} 37. c4 {[%emt 0:00:12]} Qb1+ {[%emt 0:00:20]} 38. Qc2 {[%emt 0:00:21]} Bxc4+ {[%emt 0:02:05]} 39. Rxc4 {[%emt 0:00:12]} 1-0

[Event "SVK-ch Open 2018"]
[Site "Banska Stiavnica"]
[Date "2018.07.11"]
[Round "5"]
[White "Polyik, Peter"]
[Black "Horvath, Julia"]
[Result "1-0"]
[WhiteElo "2311"]
[BlackElo "2107"]
[Annotator "NA"]
[PlyCount "61"]
[EventDate "2018.07.07"]
[EventType "swiss"]
[EventCountry "SVK"]
[SourceTitle "playchess.com"]
[Source "ChessBase"]
[SourceQuality "1"]
[TimeControl "40/5400+30:1800+30"]

1. d4 {[%emt 0:00:00]} Nf6 {[%emt 0:00:00]} 2. Nf3 {[%emt 0:00:38]} d5 {[%emt 0:00:00]} 3. c4 {[%emt 0:00:37]} g6 {[%emt 0:00:11]} 4. cxd5 {[%emt 0:00:31]} Nxd5 {[%emt 0:00:06]} 5. e4 {[%emt 0:00:15]} Nb6 {[%emt 0:00:12]} 6. a4 {[%emt 0:03:22]} Bg7 {[%emt 0:00:47]} 7. a5 {[%emt 0:02:00]} N6d7 {[%emt 0:00:06]} 8. Nc3 {[%emt 0:05:28]} O-O {[%emt 0:00:11]} 9. Be2 {[%emt 0:01:20]} c5 {[%emt 0:10:41] [#]} 10. d5 $16 {[%emt 0:02:49]} Ne5 {[%emt 0:03:46]} 11. Nxe5 {[%emt 0:05:28]} Bxe5 {[%emt 0:00:06]} 12. Be3 {[%emt 0:09:01]} f5 {[%emt 0:13:51]} 13. O-O {[%emt 0:10:50]} fxe4 {[%emt 0:01:43]} 14. Nxe4 {[%emt 0:00:38]} Nd7 {[%emt 0:10:52]} 15. Bc4 {[%emt 0:11:41]} Nf6 {[%emt 0:06:41]} 16. d6+ {[%emt 0:05:43]} e6 {[%emt 0:03:12]} 17. Nxf6+ {[%emt 0:02:30]} Bxf6 {[%emt 0:01:17]} 18. Bxc5 {[%emt 0:00:30]} Bd7 {[%emt 0:00:07]} 19. Qb3 {[%emt 0:01:31]} Re8 {[%emt 0:03:41]} 20. Rfe1 {[%emt 0:04:34]} Qc8 {[%emt 0:01:28]} 21. Bb4 {[%emt 0:04:22]} Kf7 {[%emt 0:04:47]} 22. Rac1 {[%emt 0:00:51]} Kg7 {[%emt 0:01:50]} 23. Bb5 {[%emt 0:04:01]} Bc6 {[%emt 0:01:55]} 24. a6 {[%emt 0:02:50]} Bxb5 {[%emt 0:02:35]} 25. Rxc8 {[%emt 0:00:07]} Raxc8 {[%emt 0:00:09]} 26. axb7 {[%emt 0:00:20]} Rb8 {[%emt 0:00:04]} 27. Bc3 {[%emt 0:01:10]} a6 {[%emt 0:03:28]} 28. Bxf6+ {[%emt 0:01:21]} Kxf6 {[%emt 0:00:05]} 29. Qc3+ {[%emt 0:00:17]} Kf7 {[%emt 0:00:32]} 30. Qc7+ {[%emt 0:00:09]} Kg8 {[%emt 0:00:04]} 31. Rxe6 {[%emt 0:01:14]} 1-0